| Поле | Название | Значение |
| |
Тип записи |
a |
| |
Библиографический уровень |
m |
| 001 |
Контрольный номер |
RU/УОНБ/EK/300536968 |
| 005 |
Дата корректировки |
20251010122433.2 |
| 010 |
Индекс ISBN |
__ |
| a |
ISBN |
5-7831-0613-5 |
| d |
Цена |
50 р. |
| 9 |
Тираж |
280 экз. |
| 100 |
Данные общей обработки |
__ |
| a |
Данные общей обработки |
20090710d2005 k y0rusy0189||||ca |
| 101 |
Язык документа |
0_ |
| a |
Язык текста |
rus |
| 102 |
Страна публикации |
__ |
| a |
Страна публикации |
RU |
| 105 |
Кодированные данные (монография) |
__ |
| a |
Кодированные данные (монография) |
y z 000yy |
| 200 |
Заглавие и сведения об ответственности |
1_ |
| a |
Заглавие |
Проблемы строительного комплекса России |
| e |
Сведения, относящиеся к заглавию |
материалы 9-й Междунар. науч.-техн. конф. при IX Междунар. спец. выст. "Строительство. Коммунальное хозяйство. Камнеобработка - 2005", г. Уфа, 15-17 февраля 2005 г. |
| f |
Первые сведения об ответственности |
Уфим. гос. нефтяной техн. ун-т [и др.] |
| g |
Последующие сведения об ответственности |
[ред. В.И. Агапчев и др.] |
| 210 |
Выходные данные |
1_ |
| d |
Дата издания |
2005 |
| a |
Место издания |
Уфа |
| c |
Издательство |
Изд-во УГНТУ |
| 215 |
Физическое описание |
__ |
| a |
Объем |
385 с. |
| c |
Иллюстрации/тип воспроизводства |
ил. |
| d |
Формат |
20 см |
| 320 |
Библиография |
__ |
| a |
Библиография |
Библиогр. в конце докл. и в подстроч. примеч. |
| 606 |
Тематические рубрики |
0_ |
| a |
Основная рубрика |
Строительство |
| j |
Формальный подзаголовок |
Сборники |
| 610 |
Ключевые слова |
0_ |
| a |
Ключевые слова |
строительство |
| 610 |
Ключевые слова |
0_ |
| a |
Ключевые слова |
строительство промышленное |
| 610 |
Ключевые слова |
0_ |
| a |
Ключевые слова |
строительство гражданское |
| 686 |
Индексы других классификаций |
__ |
| a |
Классификационный индекс |
38я43 |
| 2 |
Код системы |
rubbk |
| 702 |
Вторичная интеллектуальная ответственность |
_1 |
| a |
Фамилия |
Агапчев |
| b |
Имя (инициалы) |
В.И. |
| 4 |
Код отношения |
340 |
| 711 |
Наименование организации. (Альтернативная ответственность) |
12 |
| a |
Организация/ юрисдикция |
"Проблемы строительного комплекса России", Международная научно-техническая конференция при IX Международной специализированной выставке "Строительство. Коммунальное хозяйство. Камнеобработка - 2005" |
| d |
Порядковый номер |
9 |
| f |
Дата проведения |
2005 |
| e |
Место проведения |
Уфа |
| 4 |
Код отношения |
570 |
| 712 |
Наименование организации (Вторичная ответственность) |
02 |
| a |
Организация/ юрисдикция |
Уфимский государственный нефтяной технический университет |
| 4 |
Код отношения |
570 |
| 712 |
Наименование организации (Вторичная ответственность) |
02 |
| a |
Организация/ юрисдикция |
Академия технологических наук Российской Федерации |
| 4 |
Код отношения |
570 |
| 712 |
Наименование организации (Вторичная ответственность) |
02 |
| a |
Организация/ юрисдикция |
Общественный фонд "Строительство и образование" |
| 4 |
Код отношения |
570 |
| 801 |
Источник записи |
_0 |
| a |
Страна |
RU |
| b |
Организация |
Ульяновская ОНБ |
| c |
Дата составления |
20090710 |
| g |
Правила каталогизации |
RCR |
| 801 |
Источник записи |
_1 |
| a |
Страна |
RU |
| b |
Организация |
Ульяновская ОНБ |
| c |
Дата составления |
20090710 |
| g |
Правила каталогизации |
RCR |
| 901 |
Тип документа |
__ |
| t |
Тип документа |
m |
| 938 |
Служебная информация |
__ |
| a |
Имя БД |
books |
| b |
Имя библиотеки |
УОНБ |
| c |
Имя АИБС |
МАРК-SQL |
| d |
Номер DOC_ID в БД |
119722 |